Manual financiero : (Registro nro. 7916)

Detalles MARC
000 -LEADER
fixed length control field 00873nam a2200241Ia 4500
003 - CONTROL NUMBER IDENTIFIER
control field OSt
005 - DATE AND TIME OF LATEST TRANSACTION
control field 20210525220606.0
008 - FIXED-LENGTH DATA ELEMENTS--GENERAL INFORMATION
fixed length control field 210310s1998 ck gr 000 0 spa d
020 ## - INTERNATIONAL STANDARD BOOK NUMBER
International Standard Book Number 9589272908
040 ## - CATALOGING SOURCE
Original cataloging agency CO-JMCR
Transcribing agency CO-JMCR
041 0# - LANGUAGE CODE
Language code of text/sound track or separate title spa
082 04 - DEWEY DECIMAL CLASSIFICATION NUMBER
Classification number 353.84 /
Item number D419m
Edition number 23
110 1# - MAIN ENTRY--CORPORATE NAME
Corporate name or jurisdiction name as entry element Colombia.
Subordinate unit Departamento Nacional de Planeación.
9 (RLIN) 4087
245 10 - TITLE STATEMENT
Title Manual financiero :
Remainder of title para las entidades del sistema nacional ambiental /
Statement of responsibility, etc. Departamento Nacional de Planeación
250 ## - EDITION STATEMENT
Edition statement Primera edición
260 ## - PUBLICATION, DISTRIBUTION, ETC.
Place of publication, distribution, etc. Bogotá :
Name of publisher, distributor, etc. Fescol,
Date of publication, distribution, etc. 1998
300 ## - PHYSICAL DESCRIPTION
Extent 185 páginas ;
Dimensions 28 cm.
504 ## - BIBLIOGRAPHY, ETC. NOTE
Bibliography, etc. note Bibliografía: páginas 171-172
505 0# - FORMATTED CONTENTS NOTE
Formatted contents note Nivel Nacional --Nivel Regional -- Nivel Internacional
650 14 - SUBJECT ADDED ENTRY--TOPICAL TERM
Topical term or geographic name entry element Medio ambiente
9 (RLIN) 15812
Form subdivision Manuales
General subdivision Aspectos económicos
Geographic subdivision Colombia
650 24 - SUBJECT ADDED ENTRY--TOPICAL TERM
Topical term or geographic name entry element Financiación ambiental
Form subdivision Manuales
Geographic subdivision Colombia
9 (RLIN) 37899
942 ## - ADDED ENTRY ELEMENTS (KOHA)
Source of classification or shelving scheme Dewey Decimal Classification
Koha item type Books
Existencias
Withdrawn status Lost status Source of classification or shelving scheme Damaged status Not for loan Collection code Home library Current library Date acquired Source of acquisition Full call number Barcode Date last seen Copy number Koha item type
    Dewey Decimal Classification     Non-fiction Biblioteca Pública José María del Castillo y Rada Biblioteca Pública José María del Castillo y Rada 04/15/2018 Donación 353.84 / D419m 430003581 05/16/2024 Ej.1 Books